| 000 | 00619nam a22001937a 4500 | ||
|---|---|---|---|
| 999 |
_c13815 _d13815 |
||
| 003 | AR-CdUCM | ||
| 008 | 190416b ||||| |||| 00| 0 spa d | ||
| 040 |
_aMUNICIPALIDAD PROVINCIAL DEL CUSCO _cBIBLIOTECA MUNICIPAL DEL CUSCO |
||
| 082 |
_a574 / _bB15 _22ed. |
||
| 100 |
_aBague, Jaime _932372 |
||
| 245 | _aGlosario de Biología Animal / | ||
| 260 |
_aMéxico : _bRabasa S. A. ; _c1963. |
||
| 300 |
_a288 páginas ; _c23cm |
||
| 505 | _aContenido: Glosario inglés-español | ||
| 650 |
_aBiología _9881 |
||
| 710 |
_aCentro Regional de Ayuda Técnica _910048 |
||
| 942 |
_2ddc _cLIBROS |
||
| 945 |
_anom _d2019-04-16 |
||